000 00835nab a2200253 u 4500
001 21185
003 HDC
007 cr bn ---aaaaa
008 210306c20101119xx dr|noo 0 a eng d
040 _aHDC
100 _aHickman, Martin
_eauthor
_917309
245 0 _aUK: Supermarket chain pledges CCTV in abattoirs to stamp out cruelty / by
_cMartin Hickman
300 _a1 online resource
336 _atext
_2rdacontent
337 _acomputer
_2rdamedia
338 _aonline resource
_2rdacarrier
650 _ahalal issue
_95245
650 _aSlaughterhouse
_96608
710 _aHalal Focus
856 _zRequest full-text at [email protected]
942 _2lcc
942 _cNEWS
942 _kNWSO 006494
999 _c18501
_d18501